Yentl /

Gorde:
Xehetasun bibliografikoak
Beste egile batzuk: Singer, Isaac Bashevis, Legrand, Michel (compositore, 1932-2019), Rosenthal, Jack, Patinkin, Mandy, Irving, Amy
Formatua: Diapositiba
Hizkuntza:italiera
Argitaratua: [Milano] : Warner home video [distributore], c1991
Saila:Gli scudi
Etiketak: Etiketa erantsi
Etiketarik gabe, Izan zaitez lehena erregistro honi etiketa jartzen!

MARC

LEADER 00000ngm a22000007i 4500
001 IT\ICCU\UBO\1266957
003 ItRI
005 20260124182845.0
008 010418s1991 it |||||||||||||||k|||||c
028 4 2 |a PIV99453 
028 4 2 |a WIV99453  |b ed. c1985 
040 |b ita 
041 7 |a ita  |2 ISO-639-2 
130 0 |a Yentl <film ; 1983>  |3 IT\ICCU\CAG\0854243 
245 0 0 |a Yentl /  |c producted and directed by Barbra Streisand ; screenplay by Jack Rosenthal and Barbra Streisand ; based on Yentl, the Yeshiva boy by Isaac Bashevis Singer ; music by Michel Legrand. 
260 |a [Milano] :  |b Warner home video [distributore],  |c c1991 
300 |a 1 videocassetta (VHS) (ca. 133 min.) :  |b color., son. (Dolby surround, Hi-Fi stereo) 
500 |a Tit. del contenitore 
500 |a Film del 1983, USA; interpreti: Barbra Streisand, Mandy Patinkin, Amy Irving. 
700 1 |a Singer, Isaac Bashevis  |0 IT\ICCU\CFIV\004611 
700 1 |a Legrand, Michel  |c  (compositore,  |d 1932-2019)  |0 IT\ICCU\MILV\148131 
700 1 |a Rosenthal, Jack  |0 IT\ICCU\UBOV\489964 
700 1 |a Patinkin, Mandy  |0 IT\ICCU\UBOV\681619 
700 1 |a Irving, Amy  |0 IT\ICCU\UBOV\723304 
790 1 |a Singer, Isaac B.  |3 IT\ICCU\CFIV\213085  |z Singer, Isaac Bashevis 
790 1 |a Singer, Isaac  |3 IT\ICCU\CFIV\259479  |z Singer, Isaac Bashevis 
790 1 |a Bashevis-Singer, Isaac  |3 IT\ICCU\CFIV\312701  |z Singer, Isaac Bashevis 
790 1 |a Legrand, Michel Jean,  |d  (1932-2019  |c compositore)  |3 IT\ICCU\SBNV\058341  |z Legrand, Michel (compositore ; 1932-2019) 
830 4 |a Gli scudi  |0 IT\ICCU\UFI\0113162 
942 |2 ddc  |c VM  |n 0 
952 |0 0  |1 0  |4 0  |6 VO_222_000000000000000  |7 0  |9 27078  |a BO  |b BO  |d 2026-01-24  |i 6408  |l 0  |o VO 222  |p BO6408  |r 2026-01-24 18:28:45  |w 2026-01-24  |x [Sebina 5] [1 videocassetta]  |y VM  |z 1 videocassetta 
999 |c 22914  |d 22914